| 000 | 01113nam a22003497a 4500 | ||
|---|---|---|---|
| 003 | CHAP | ||
| 005 | 20220329143605.0 | ||
| 008 | 100730s2001 us r 00010 eng d | ||
| 010 | _a98955 | ||
| 011 | _a99927 | ||
| 020 | _a0387952802 | ||
| 035 | _a110613 | ||
| 040 | _cCHAP | ||
| 082 | 0 | 4 |
_a519.2 _bC36 |
| 100 | 1 |
_aChan, Kung-Sik _921818 |
|
| 245 | 1 | 0 |
_aChaos : _ba statistical perspective _c/by Kung-Sik Chan and Howell Tong |
| 260 |
_aNew York : _bSpringer, _c2001 |
||
| 300 |
_axiv, 300 p. : _bgráfs., tablas |
||
| 490 | _aSpringer series in statistics | ||
| 590 |
_aBATCH-UPD _b10 _c20130110 _lUCH01 _h0922 |
||
| 590 |
_aBATCH-UPD _b10 _c20130410 _lUCH01 _h0544 |
||
| 590 |
_aBATCH-UPD _b10 _c20130914 _lUCH01 _h0348 |
||
| 590 |
_aCONVERSION _b10 _c20130109 _lUCH01 _h1355 |
||
| 650 | 1 | 4 |
_aAnálisis estadístico. _95984 |
| 650 | 1 | 4 |
_aEcuaciones diferenciales. _935306 |
| 650 | 1 | 4 |
_aEstocástica. _938336 |
| 700 | 1 |
_aTong, Howell _9113881 |
|
| 830 | 0 |
_aSpringer series in statistics _9109291 |
|
| 901 | _aBK | ||
| 942 | _cLIBRO | ||
| 949 |
_a519.2 C36 _bBC _cLIBRO _d33724002214710 _eLIBRO _h113058 _i110613 _sb |
||
| 999 |
_c98955 _d98955 |
||